Statistiques concernant Portes Boulevard Périphérique de Tours

Cliquez ici pour prendre le quiz!

Statistiques générales

  • Ce quiz a été pris 40 fois
  • Le résultat moyen est 11 sur 21

Statistiques - réponses

Numéro de SortieNom de Sortie% Correct
Sortie n°23Chambray-lès-Tours
88%
Sortie n°3Porte de Chambray-lès-Tours
88%
Sortie n°6Porte de Joué-lès-Tours
81%
Sortie n°9Porte de La Riche
73%
Sortie n°10Porte de Tours
73%
Sortie n°10Ballan-Miré
62%
Sortie n°12Porte de Fondettes
62%
Sortie n°7Porte de Ballan-Miré
58%
Sortie n°1Porte de Saint-Avertin
58%
Sortie n°11Porte de Luynes
50%
Sortie n°21Tours-Centre
50%
Sortie n°19Tours-Nord
50%
Sortie n°8Porte de Savonnières
42%
Sortie n°2Porte de Veigné
42%
Sortie n°13Porte de La Membrolle-sur-Choisille
38%
Sortie n°4Porte de Monts
38%
Sortie n°14Porte de Saint-Cyr-sur-Loire
35%
Sortie n°5Porte de Azay-le-Rideau
27%
Sortie n°22Saint-Avertin - Tours Sud
27%
Sortie n°20Sainte-Radegonde
12%
Sortie n°24La Thibaudière - Chambray-Sud
4%

Distribution des résultats

Percentile par nombre de réponses

% des personnes avec chaque résultat

Votre développement - résultats

Vous n’avez pas pris ce quiz